Tarifné a netarifné obmedzenia obchodu

Gespeichert in:
Bibliographische Detailangaben
1. Verfasser: Nemcová, Edita
Format: Buch
Sprache:Slowakisch
Veröffentlicht: Bratislava Prognostický ústav SAV 1992
Schriftenreihe:Prehľadové štúdie č. 1
Schlagworte:
Tags: Tag hinzufügen
Keine Tags, Fügen Sie das erste Tag hinzu!

MARC

LEADER 00000nam a2200000 4500
001 c124994
005 20221124121819.6
041 0 |a slo 
044 |a SK 
245 1 0 |a Tarifné a netarifné obmedzenia obchodu  |c Edita Nemcová 
264 1 |a Bratislava  |b Prognostický ústav SAV  |c 1992 
300 |a 33 s. 
490 1 |a Prehľadové štúdie  |v č. 1 
830 0 |a Prehľadové štúdie  |v č. 1 
610 2 0 |a obmedzenie dovozu 
610 2 0 |a obmedzenie vývozu 
610 2 0 |a obchod medzinárodný 
610 2 0 |a východná Európa 
610 2 0 |a Maďarsko 
610 2 0 |a dohody asociačné 
610 2 0 |a Európske spoločenstvá 
610 2 0 |a politika obchodná 
610 2 0 |a Slovensko 
610 2 0 |a Česko 
610 2 0 |a Poľsko 
610 2 0 |a diplomacia hospodárska 
610 2 0 |a zmluvy 
610 2 0 |a tarify colné 
610 2 0 |a krajiny rozvojové 
100 1 |a Nemcová, Edita